000 00545nam a2200169Ia 4500
003 OSt
005 20210122101636.0
008 190216s9999||||xx |||||||||||||| ||und||
040 _coclc
082 _a378
_bSHR/I
100 _aShrivastava, D K
_98353
245 3 _aAn Informative Handbook Of 11th Five Year Plan U G C Set In 2 Volumes /
_cD K Shrivastava ; Bhavana Sharma
260 _bIntellectual Book Bureau,
_aBhopal:
_c2008.
300 _a1167p
650 _aReferences
942 _cREF
_2ddc
_h378
_iSHR/I
_k378
_mSHR/I
999 _c37005
_d37005